The complete book of home management: (Record no. 14527)

000 -LEADER
fixed length control field 00787nam a2200241 a 4500
001 - CONTROL NUMBER
control field :::00012359$&:&@@
003 - CONTROL NUMBER IDENTIFIER
control field OkBaRHE
005 - DATE AND TIME OF LATEST TRANSACTION
control field 20100402121700.0
008 - FIXED-LENGTH DATA ELEMENTS--GENERAL INFORMATION
fixed length control field s1985 j 000 0 eng u
020 ## - INTERNATIONAL STANDARD BOOK NUMBER
International Standard Book Number 0802415954 (pbk.)
040 ## - CATALOGING SOURCE
Transcribing agency
100 1# - MAIN ENTRY--PERSONAL NAME
Personal name Anson, Elva.
245 14 - TITLE STATEMENT
Title The complete book of home management:
Remainder of title practical helps for a busy home.
260 ## - PUBLICATION, DISTRIBUTION, ETC. (IMPRINT)
Place of publication, distribution, etc Chicago, IL., :
Name of publisher, distributor, etc Moody Press
Date of publication, distribution, etc 1985
300 ## - PHYSICAL DESCRIPTION
Extent 222 p. : ill. ;
Dimensions 22 cm.
650 ## - SUBJECT ADDED ENTRY--TOPICAL TERM
Topical term or geographic name as entry element Family
General subdivision Religious life
650 ## - SUBJECT ADDED ENTRY--TOPICAL TERM
Topical term or geographic name as entry element Family life education
650 ## - SUBJECT ADDED ENTRY--TOPICAL TERM
Topical term or geographic name as entry element Home economics
700 ## - ADDED ENTRY--PERSONAL NAME
Personal name Liden, Kathie, 1940-
730 ## - ADDED ENTRY--UNIFORM TITLE
Uniform title Complete family book
942 ## - ADDED ENTRY ELEMENTS (KOHA)
Source of classification or shelving scheme
Koha item type Books
Copies
Current Location Full call number Permanent Location Shelving location Koha item type Date checked out Total Checkouts Damaged status Barcode Lost status Not for loan Withdrawn status Date acquired Source of classification or shelving scheme Price effective from Copy number Date last seen
RHEMA Bible Training CollegeHQ 10 A62RHEMA Bible Training CollegeGeneral StacksBooks2015-06-041 12359   2010-04-14 2010-04-1412015-06-09